Cuadernos del Instituto AFIP (Registro nro. 8728)

Detalles MARC
000 -LEADER
fixed length control field 01691nas a2200289 454500
001 - CONTROL NUMBER
control field 32989
005 - DATE AND TIME OF LATEST TRANSACTION
control field 20260407193508.0
008 - FIXED-LENGTH DATA ELEMENTS--GENERAL INFORMATION
fixed length control field 260407s2008####ag###########|||spa#d
003 - CONTROL NUMBER IDENTIFIER
control field AR-UNSa-BCEJYS
040 ## - CATALOGING SOURCE
Original cataloging agency AR-UNSa-BCEJYS
Language of cataloging spa
Transcribing agency AR-UNSa-BCEJYS
080 ## - UNIVERSAL DECIMAL CLASSIFICATION NUMBER
Universal Decimal Classification number 336.221
Common auxiliary subdivision Tributación
022 ## - INTERNATIONAL STANDARD SERIAL NUMBER
International Standard Serial Number 18551-9873
041 ## - LANGUAGE CODE
Language code of text/sound track or separate title spa
100 1# - MAIN ENTRY--PERSONAL NAME
Personal name Argentina. Administración Federal de Ingresos Públicos. Instituto de Estudios Tributarios, Aduaneros y de los Recursos de la Seguridad Social
245 10 - TITLE STATEMENT
Title Cuadernos del Instituto AFIP
264 #1 - PRODUCTION, PUBLICATION, DISTRIBUTION, MANUFACTURE, AND COPYRIGHT NOTICE
Place of production, publication, distribution, manufacture Buenos Aires :
Name of producer, publisher, distributor, manufacturer AFIP (Administración Federal de Ingresos Públicos)
Date of production, publication, distribution, manufacture, or copyright notice 2008
310 ## - CURRENT PUBLICATION FREQUENCY
Current publication frequency Frecuencia: Trimestral
505 ## - FORMATTED CONTENTS NOTE
Formatted contents note El Instituto de Estudios Tributarios, Aduaneros y de los Recursos de la Seguridad Social fue creado en el año 2006 tiene como propósitos fundamentales la realización de investigaciones y de actividades de cooperación, la especialización profesional el intercambio de experiencias y la publicación de nuevos aportes sobre la cultura tributaria.<br/>Los Cuadernos del Instituto tienen como objetivo establecer un carril de comunicación y debate para todas aquellas producciones teóricas y prácticas elaboradas por los funcionarios del AFIP, que constituyen gran parte del "saber acumulado" y no difundido<br/>A partir del número 25 sólo se publicará en formato electrónico
590 ## - LOCAL NOTE (RLIN)
Local note niveau_biblio:s niveau_hierar:1
650 ## - SUBJECT ADDED ENTRY--TOPICAL TERM
Topical term or geographic name entry element Datos estadísticos
650 ## - SUBJECT ADDED ENTRY--TOPICAL TERM
Topical term or geographic name entry element Política fiscal
650 ## - SUBJECT ADDED ENTRY--TOPICAL TERM
Topical term or geographic name entry element Hacienda pública
650 ## - SUBJECT ADDED ENTRY--TOPICAL TERM
Topical term or geographic name entry element Tributación
700 1# - ADDED ENTRY--PERSONAL NAME
Personal name Estévez, Alejandro M.
856 41 - ELECTRONIC LOCATION AND ACCESS
Uniform Resource Identifier <a href="https://biblioeco.unsa.edu.ar/pmb/images/revistas/AFIP_C21.jpg">https://biblioeco.unsa.edu.ar/pmb/images/revistas/AFIP_C21.jpg</a>
Link text Imagen de portada
Electronic format type image/jpeg
942 ## - ADDED ENTRY ELEMENTS (KOHA)
Koha item type
Existencias
Withdrawn status Lost status Damaged status Not for loan Home library Current library Shelving location Date acquired Serial enumeration / chronology Total checkouts Full call number Barcode Date last seen Price effective from Koha item type
        Biblioteca Prof. Eusebio Cleto del Rey Biblioteca Prof. Eusebio Cleto del Rey   01/12/2011 Nº 24 - dic. 2011   H336.221 CUA 24 R16436 10/04/2026 10/04/2026 Numero
        Biblioteca Prof. Eusebio Cleto del Rey Biblioteca Prof. Eusebio Cleto del Rey   01/09/2011 Nº 23 - sep. 2011   H336.221 CUA 23 R16435 10/04/2026 10/04/2026 Numero
        Biblioteca Prof. Eusebio Cleto del Rey Biblioteca Prof. Eusebio Cleto del Rey   01/06/2011 Nº 22 - jun. 2011   H336.221 CUA 22 R16434 10/04/2026 10/04/2026 Numero
        Biblioteca Prof. Eusebio Cleto del Rey Biblioteca Prof. Eusebio Cleto del Rey   01/03/2011 Nº 21 - mar. 2011   H336.221 CUA 21 R16427 10/04/2026 10/04/2026 Numero